Vegetables - Sudden Death - Statistics

General Stats
  • This quiz has been taken 725 times
  • The average score is 11 of 15
Answers on the Grid
Answers color-coded by a green-red scale on the quiz's grid according to % correct below.
Apple
Artichoke
Banana
Beetroot
Blueberry
Cardoon
Chayote
Cherry
Cranberry
Cucumber
Durian
Jicama
Kohlrabi
Lemon
Lettuce
Lychee
Mangosteen
Okra
Papaya
Peach
Pomelo
Potato
Pumpkin
Spinach
Squash
Strawberry
Sunchoke
Yam
 
Answer Stats
Answer % Correct
Spinach
87%
Potato
85%
Artichoke
84%
Lettuce
84%
Beetroot
83%
Okra
77%
Cucumber
76%
Yam
75%
Squash
73%
Pumpkin
72%
Kohlrabi
58%
Chayote
52%
Sunchoke
51%
Jicama
50%
Cardoon
45%
No matching quizzes found
Score Distribution
Percent of People with Each Score
Percentile by Number Answered
Your Score History
You have not taken this quiz